Leadership: discover techniques to suit your personality. / (Record no. 8289)

MARC details
000 -LEADER
fixed length control field 00768nam a22002057a 4500
003 - CONTROL NUMBER IDENTIFIER
control field OSt
005 - DATE AND TIME OF LATEST TRANSACTION
control field 20211214121859.0
008 - FIXED-LENGTH DATA ELEMENTS--GENERAL INFORMATION
fixed length control field 120208t xxu||||| |||| 00| 0 eng d
020 ## - INTERNATIONAL STANDARD BOOK NUMBER
International Standard Book Number 9781840784299
040 ## - CATALOGING SOURCE
Transcribing agency LC
050 ## - LIBRARY OF CONGRESS CALL NUMBER
Classification number HD57.7.P82
100 ## - MAIN ENTRY--PERSONAL NAME
Fuller form of name Poole, Jon
245 ## - TITLE STATEMENT
Title Leadership: discover techniques to suit your personality. /
Statement of responsibility, etc. Jon Poole
260 ## - PUBLICATION, DISTRIBUTION, ETC.
Place of publication, distribution, etc. Southam, UK:
Name of publisher, distributor, etc. In Easy Steps,
Date of publication, distribution, etc. 2011.
300 ## - PHYSICAL DESCRIPTION
Extent 191 p.:
Other physical details ill.;
500 ## - GENERAL NOTE
General note Includes index.
505 ## - FORMATTED CONTENTS NOTE
Formatted contents note Contents: The role of a leader -- Leadership behaviors -- Empowering people -- Valuing others' views -- Maximizing performance -- Developing talents -- Le4adership in practice -- Decision making -- Your development -- Useful resources --
650 ## - SUBJECT ADDED ENTRY--TOPICAL TERM
Topical term or geographic name entry element Leadership
942 ## - ADDED ENTRY ELEMENTS (KOHA)
Source of classification or shelving scheme Library of Congress Classification
Koha item type Books
Holdings
Withdrawn status Lost status Source of classification or shelving scheme Damaged status Not for loan Home library Current library Shelving location Date acquired Total Checkouts Full call number Barcode Date last seen Copy number Price effective from Koha item type Date due Date last checked out
    Library of Congress Classification     WISCONSIN INTERNATIONAL UNIVERSITY COLLEGE, GHANA KUMASI LIBRARY WISCONSIN INTERNATIONAL UNIVERSITY COLLEGE, GHANA KUMASI LIBRARY General Stacks 11/11/2019   HD57.7.P82 K/1831/1831/19 13/12/2021 1 13/12/2021 Books    
    Library of Congress Classification     WISCONSIN INTERNATIONAL UNIVERSITY COLLEGE, GHANA KUMASI LIBRARY WISCONSIN INTERNATIONAL UNIVERSITY COLLEGE, GHANA KUMASI LIBRARY General Stacks 11/11/2019 1 HD57.7.P821 K/1832/1832/19 11/06/2024 2 13/12/2021 Books 25/06/2024 11/06/2024
    Library of Congress Classification     WISCONSIN INTERNATIONAL UNIVERSITY COLLEGE, GHANA KUMASI LIBRARY WISCONSIN INTERNATIONAL UNIVERSITY COLLEGE, GHANA KUMASI LIBRARY General Stacks 11/11/2019   HD57.7.P822 K/1833/1833/19 13/12/2021 3 13/12/2021 Books    

If you have any concerns or questions; kindly contact the library


© Powered by WIUC ICT DIRECTORATE